| 000 | 00398nam a2200145 i 4500 | ||
|---|---|---|---|
| 001 | bg | ||
| 100 | 1 | _aZABŁOCKI, Marian | |
| 245 | 0 |
_aFiltry paliwa silników wysokoprężnych : _bbudowa i eksploatacja / _cMarian Zabłocki, Tadeusz Siuta. |
|
| 260 |
_aWarszawa, _c1974. |
||
| 700 | 1 | _aSIUTA, Tadeusz | |
| 040 | _cBPK | ||
| 041 | _apol | ||
| 942 | _cKS | ||
| 008 | s pl f |000 0 pol | ||
| 999 |
_c26118 _d26118 |
||
| 856 |
_uhttp://koha.tu.koszalin.pl/cgi-bin/koha/opac-detail.pl?biblionumber=26118 _yKatalog online BPK |
||